| 000 | 00539nam a2200169 i 4500 | ||
|---|---|---|---|
| 001 | bgj | ||
| 245 | 0 | 0 |
_aTeacher Development : _bmaking the right moves / _cedited by Thomas Kral. |
| 260 |
_aWashington, D.C. : _bUnited States Information Agency, _c1994. |
||
| 300 |
_a278 pp : _bfig. ; _c23 cm. |
||
| 505 | _aSelected articles from the English Teaching Forum 1989-1993. | ||
| 650 | 9 |
_aTeachers _xTraining of |
|
| 700 | 1 |
_aKRAL, Thomas. _eed. |
|
| 040 | _cBPK | ||
| 041 | _aeng | ||
| 942 | _cKS | ||
| 008 | s uk f |000 0 eng | ||
| 999 |
_c47960 _d47960 |
||
| 856 |
_uhttp://koha.tu.koszalin.pl/cgi-bin/koha/opac-detail.pl?biblionumber=47960 _yKatalog online BPK |
||